Экология, здоровье и безопасность в современном образовательном пространстве (Запись № 12182426)
[ простой вид ]
| 000 -МАРКЕР | |
|---|---|
| контрольное поле | 03550nam0a2200385 4500 |
| 001 - ИДЕНТИФИКАТОР ЗАПИСИ | |
| контрольное поле | RU\NLR\BIBL_A\011866694 |
| 005 - ИДЕНТИФИКАТОР ВЕРСИИ | |
| контрольное поле | 20190311120119.0 |
| 010 ## - МЕЖДУНАРОДНЫЙ СТАНДАРТНЫЙ НОМЕР КНИГИ (ISBN) | |
| Номер (ISBN) | 978-5-9967-1408-7 |
| Тираж | 150 |
| 021 ## - НОМЕР ГОСУДАРСТВЕННОЙ РЕГИСТРАЦИИ | |
| Код страны | Российская Федерация |
| Номер | КН-П-18-081230 |
| Номер Листа государственной регистраци | КН-П-18-5883 |
| 035 ## - ДРУГИЕ СИСТЕМНЫЕ НОМЕРА | |
| Идентификатор записи | (NLR Aleph) 011866694 |
| 035 ## - ДРУГИЕ СИСТЕМНЫЕ НОМЕРА | |
| Идентификатор записи | (RuMoRGB)009721108 |
| 100 ## - ДАННЫЕ ОБЩЕЙ ОБРАБОТКИ | |
| Данные общей обработки | 20181120d2018 k y0rusy50 ca |
| 101 0# - ЯЗЫК РЕСУРСА | |
| Язык текста, звукозаписи и т.д. | русский |
| Язык резюме | английский |
| 102 ## - СТРАНА ПУБЛИКАЦИИ ИЛИ ПРОИЗВОДСТВА | |
| Страна публикации | Российская Федерация |
| 105 ## - ПОЛЕ КОДИРОВАННЫХ ДАННЫХ: ТЕКСТОВЫЕ МАТЕРИАЛЫ, МОНОГРАФИЧЕСКИЕ | |
| Кодированные данные о монографическом текстовом документе | a|||z|||100zy |
| 200 1# - ЗАГЛАВИЕ И СВЕДЕНИЯ ОБ ОТВЕТСТВЕННОСТИ | |
| Основное заглавие | Экология, здоровье и безопасность в современном образовательном пространстве |
| Сведения, относящиеся к заглавию | сборник научных трудов по результатам Всероссийской научно-практической конференции с международным участием |
| Первые сведения об ответственности | Министерство образования и науки Российской Федерации, Федеральное государственное бюджетное образовательное учреждение высшего образования "Магнитогорский государственный технический университет им. Г. И. Носова", Институт гуманитарного образования, Международная академия наук экологии и безопасности жизнедеятельности, ассоциированная с Департаментом общественной информации ООН и ЭКОСОС (Магнитогорское региональное отделение) |
| Последующие сведения об ответственности | [отв. редактор - И. А. Кувшинова] |
| 210 ## - ПУБЛИКАЦИЯ, РАСПРОСТРАНЕНИЕ И ДР. | |
| Место издания, распространения и т.д. | Магнитогорск |
| Имя издателя, распространителя и т. д. | Издательский центр ФГБОУ ВО "МГТУ им. Г.И. Носова" |
| Дата издания, распространения и т.д. | 2018 |
| 215 ## - ФИЗИЧЕСКАЯ ХАРАКТЕРИСТИКА | |
| Специфическое обозначение материала и объем | 202 с. |
| Другие сведения о физической характеристике | ил., табл. |
| Размеры | 21 |
| 300 ## - ОБЩИЕ ПРИМЕЧАНИЯ | |
| Текст примечания | Рез. англ. |
| 320 ## - ПРИМЕЧАНИЯ О НАЛИЧИИ В ДОКУМЕНТЕ БИБЛИОГРАФИИ / УКАЗАТЕЛЯ | |
| Текст примечания | Библиогр. в конце ст. |
| 606 1# - НАИМЕНОВАНИЕ ТЕМЫ КАК ПРЕДМЕТ | |
| Наименование темы | Школьники |
| Формальный подзаголовок | Съезды, совещания и т.п |
| Тематический подзаголовок | Воспитание культуры безопасности жизнедеятельности |
| Системный номер авторитетной/нормативной записи | 2156312 |
| Идентификатор авторитетной/нормативной записи | RU\NLR\AUTH\661602783 |
| 606 1# - НАИМЕНОВАНИЕ ТЕМЫ КАК ПРЕДМЕТ | |
| Наименование темы | Школьники |
| Формальный подзаголовок | Съезды, совещания и т.п |
| Тематический подзаголовок | Воспитание здорового образа жизни |
| Системный номер авторитетной/нормативной записи | 2449504 |
| Идентификатор авторитетной/нормативной записи | RU\NLR\AUTH\661456503 |
| 606 1# - НАИМЕНОВАНИЕ ТЕМЫ КАК ПРЕДМЕТ | |
| Наименование темы | Дети с ограниченными возможностями здоровья |
| Формальный подзаголовок | Съезды, совещания и т.п |
| Тематический подзаголовок | Коррекционно-развивающее обучение |
| Системный номер авторитетной/нормативной записи | 2168377 |
| Идентификатор авторитетной/нормативной записи | RU\NLR\AUTH\6601541219 |
| 686 1# - ИНДЕКСЫ ДРУГИХ КЛАССИФИКАЦИЙ | |
| Индекс | Ч421.35я431 |
| 686 1# - ИНДЕКСЫ ДРУГИХ КЛАССИФИКАЦИЙ | |
| Индекс | Ч430.1я431 |
| 702 #1 - ИМЯ ЛИЦА - ВТОРИЧНАЯ ОТВЕТСТВЕННОСТЬ | |
| Начальный элемент ввода | Кувшинова |
| Часть имени, кроме начального элемента ввода | И. А. |
| Расширение инициалов личного имени | Ирина Александровна |
| Код отношения | Редактор |
| 711 12 - НАИМЕНОВАНИЕ ОРГАНИЗАЦИИ - АЛЬТЕРНАТИВНАЯ ОТВЕТСТВЕННОСТЬ | |
| Начальный элемент ввода | "Экология, здоровье и безопасность в современном образовательном пространстве", всероссийская научно-практическая конференция с международным участием |
| Место проведения временной организации | Магнитогорск |
| Дата проведения временной организации | 2018 |
| Системный номер авторитетной/нормативной записи | 637258 |
| Идентификатор авторитетной/нормативной записи | RU\NLR\AUTH\880488424 |
| 712 02 - НАИМЕНОВАНИЕ ОРГАНИЗАЦИИ - ВТОРИЧНАЯ ОТВЕТСТВЕННОСТЬ | |
| Код отношения | Организатор конференции |
| Начальный элемент ввода | Магнитогорский государственный технический университет им. Г. И. Носова |
| Структурное подразделение | Институт гуманитарного образования |
| Системный номер авторитетной/нормативной записи | 577508 |
| Идентификатор авторитетной/нормативной записи | RU\NLR\AUTH\880457171 |
| 942 ## - ДОПОЛНИТЕЛЬНЫЕ ЭЛЕМЕНТЫ ЗАПИСИ (АБИС) | |
| Тип экземпляра АБИС | Книга |
| 980 ## - КОЛЛЕКЦИЯ | |
| Название коллекции | НБР |
| 980 ## - КОЛЛЕКЦИЯ | |
| Название коллекции | Национальная библиография |
Нет доступных экземпляров.